[Event "GER OS-193 email"]
[Site "GER email"]
[Date "2012.06.18"]
[Round "?"]
[White "Ostermann, Martin"]
[Black "Schmid, Franz Georg"]
[Result "1-0"]
[WhiteElo "1692"]
[BlackElo "1516"]
[PlyCount "32"]
[EventDate "2012.06.25"]
[EventType "tourn (corr)"]
[EventRounds "6"]
[EventCountry "GER"]
[SourceTitle "Corr 2015"]
[Source "ChessBase"]
[SourceDate "2015.07.17"]
[SourceVersion "1"]
[SourceVersionDate "2015.07.17"]
[SourceQuality "1"]

1. c4 e5 2. g3 Nc6 3. Bg2 Nf6 4. Nc3 Bc5 5. Nf3 d6 6. 0-0 0-0 7. d3 h6 8. a3 a5 9. e3 Bf5 10. b3 Qd7 11. Bb2 Bg4 12. Qd2 Ba7 13. Nb5 Bb6 14. d4 e4 15. Ne1 Rae8 16. Nc2 d5 1-0

[Event "GER-Cup12 E/V04 email"]
[Site "GER email"]
[Date "2012.05.03"]
[Round "?"]
[White "Huemmler, Thomas"]
[Black "Ostermann, Martin"]
[Result "1-0"]
[WhiteElo "1745"]
[BlackElo "1704"]
[PlyCount "57"]
[EventDate "2012.05.14"]
[EventType "tourn (corr)"]
[EventRounds "4"]
[EventCountry "GER"]
[SourceTitle "Corr 2015"]
[Source "ChessBase"]
[SourceDate "2015.07.17"]
[SourceVersion "1"]
[SourceVersionDate "2015.07.17"]
[SourceQuality "1"]

1. c4 f5 2. g3 Nf6 3. Bg2 g6 4. Nc3 Bg7 5. d3 Nc6 6. e4 d6 7. Nge2 e5 8. 0-0 0-0 9. Nd5 fxe4 10. Nxf6+ Qxf6 11. dxe4 Bg4 12. f3 Be6 13. b3 Nd4 14. Be3 c5 15. Nc3 a6 16. Nd5 Qd8 17. Qd2 b5 18. Bg5 Qb8 19. f4 Bxd5 20. cxd5 exf4 21. gxf4 Qc7 22. Rae1 Rae8 23. Kh1 h6 24. Bh4 c4 25. bxc4 Qxc4 26. Rc1 Qa4 27. Rc7 a5 28. Be7 Rf7 29. Bxd6 1-0

[Event "GER-Cup12 E/V04 email"]
[Site "GER email"]
[Date "2012.05.03"]
[Round "?"]
[White "Ostermann, Martin"]
[Black "Marx, Patrick"]
[Result "1-0"]
[WhiteElo "1704"]
[BlackElo "1890"]
[PlyCount "33"]
[EventDate "2012.05.14"]
[EventType "tourn (corr)"]
[EventRounds "4"]
[EventCountry "GER"]
[SourceTitle "Corr 2015"]
[Source "ChessBase"]
[SourceDate "2015.07.17"]
[SourceVersion "1"]
[SourceVersionDate "2015.07.17"]
[SourceQuality "1"]

1. Nf3 Nf6 2. c4 c5 3. g3 b6 4. Bg2 Bb7 5. 0-0 e6 6. Nc3 Be7 7. d4 cxd4 8. Nxd4 Bxg2 9. Kxg2 a6 10. e4 d6 11. Be3 Qc7 12. Qe2 Nbd7 13. Rac1 Qb7 14. f3 0-0 15. Rfd1 Rac8 16. b3 Rfe8 17. Qf2 1-0

[Event "GER T152-A14-S email"]
[Site "GER email"]
[Date "2012.05.01"]
[Round "?"]
[White "Lauer, Roland"]
[Black "Ostermann, Martin"]
[Result "1-0"]
[WhiteElo "1719"]
[BlackElo "1692"]
[PlyCount "45"]
[EventDate "2012.05.08"]
[EventType "tourn (corr)"]
[EventRounds "6"]
[EventCountry "GER"]
[SourceTitle "Corr 2015"]
[Source "ChessBase"]
[SourceDate "2015.07.17"]
[SourceVersion "1"]
[SourceVersionDate "2015.07.17"]
[SourceQuality "1"]

1. Nf3 d5 2. c4 e6 3. g3 Nf6 4. Bg2 Be7 5. 0-0 0-0 6. b3 b6 7. Bb2 Bb7 8. cxd5 Nxd5 9. d4 c5 10. dxc5 Bxc5 11. Nbd2 Nd7 12. a3 N7f6 13. b4 Be7 14. e4 Nc7 15. Qe2 Ba6 16. Nc4 Rc8 17. Rfd1 Qe8 18. Rac1 Na8 19. Bf1 b5 20. Na5 Nb6 21. Ne5 Nfd7 22. Nxd7 Nxd7 23. Rxc8 1-0

[Event "GER T152-A14-S email"]
[Site "GER email"]
[Date "2012.05.01"]
[Round "?"]
[White "Ostermann, Martin"]
[Black "Lauer, Roland"]
[Result "0-1"]
[WhiteElo "1692"]
[BlackElo "1719"]
[PlyCount "36"]
[EventDate "2012.05.08"]
[EventType "tourn (corr)"]
[EventRounds "6"]
[EventCountry "GER"]
[SourceTitle "Corr 2015"]
[Source "ChessBase"]
[SourceDate "2015.07.17"]
[SourceVersion "1"]
[SourceVersionDate "2015.07.17"]
[SourceQuality "1"]

1. Nf3 d5 2. c4 e6 3. g3 Nf6 4. Bg2 Be7 5. 0-0 0-0 6. b3 a5 7. Nc3 c6 8. e3 Nbd7 9. Bb2 b6 10. Rc1 Ba6 11. d3 Qb8 12. Qe2 b5 13. Nd2 bxc4 14. dxc4 Nc5 15. Nf3 Re8 16. Rfd1 a4 17. Ba3 Nxb3 18. axb3 Bxa3 0-1

[Event "GER T152-A14-S email"]
[Site "GER email"]
[Date "2012.05.01"]
[Round "?"]
[White "Ostermann, Martin"]
[Black "Thoma, Eberhard"]
[Result "0-1"]
[WhiteElo "1692"]
[BlackElo "1873"]
[PlyCount "34"]
[EventDate "2012.05.08"]
[EventType "tourn (corr)"]
[EventRounds "6"]
[EventCountry "GER"]
[SourceTitle "Corr 2015"]
[Source "ChessBase"]
[SourceDate "2015.07.17"]
[SourceVersion "1"]
[SourceVersionDate "2015.07.17"]
[SourceQuality "1"]

1. Nf3 d5 2. c4 e6 3. g3 Nf6 4. Bg2 Be7 5. 0-0 0-0 6. b3 c5 7. Bb2 Nc6 8. e3 b6 9. Nc3 Bb7 10. cxd5 Nxd5 11. Nxd5 exd5 12. d4 Qd6 13. Rc1 a5 14. dxc5 bxc5 15. Qe2 Ba6 16. Qc2 Bxf1 17. Bxf1 Nb4 0-1

[Event "GER HS-121 email"]
[Site "GER email"]
[Date "2012.04.22"]
[Round "?"]
[White "Ostermann, Martin"]
[Black "Schulz, Rene"]
[Result "0-1"]
[WhiteElo "1692"]
[BlackElo "1885"]
[PlyCount "114"]
[EventDate "2012.05.04"]
[EventType "tourn (corr)"]
[EventRounds "6"]
[EventCountry "GER"]
[SourceTitle "Corr 2015"]
[Source "ChessBase"]
[SourceDate "2015.07.17"]
[SourceVersion "1"]
[SourceVersionDate "2015.07.17"]
[SourceQuality "1"]

1. Nf3 Nf6 2. c4 e6 3. g3 d5 4. Bg2 d4 5. 0-0 c5 6. b4 cxb4 7. a3 Nc6 8. Bb2 bxa3 9. Nxa3 Bc5 10. Ne1 0-0 11. Nd3 Be7 12. Qc2 Bd7 13. e3 dxe3 14. fxe3 a5 15. Nb5 Nb4 16. Nxb4 axb4 17. Bxb7 Rxa1 18. Rxa1 Qb6 19. Bf3 Bxb5 20. cxb5 Qxb5 21. Qc7 Qd7 22. Qxd7 Nxd7 23. Ra7 Rd8 24. Kf2 f5 25. Ke2 Kf7 26. Bc6 Nc5 27. Bxg7 Kxg7 28. Rxe7+ Kf6 29. Re8 Rxe8 30. Bxe8 b3 31. Kd1 Ne4 32. Kc1 b2+ 33. Kxb2 Nxd2 34. Bb5 Nf3 35. h3 Ng5 36. Bf1 Ne4 37. g4 fxg4 38. hxg4 Kg5 39. Bc4 e5 40. Be6 Nf2 41. Kc3 Nxg4 42. Kd3 Kh4 43. Ke4 Kg5 44. Kf3 h5 45. e4 Nf6 46. Bf5 Ne8 47. Kg3 Nd6 48. Bh7 Kf6 49. Bg8 Nxe4+ 50. Kh4 Kf5 51. Bd5 Nf6 52. Bf3 e4 53. Be2 Kf4 54. Kh3 Ke3 55. Bd1 Kf2 56. Kh2 e3 57. Kh1 Ng4 0-1